01919cam a2200457 i 450000100090000000300050000900500170001400800410003101000170007202000180008902500270010703700530013403800110018704000230019804200150022104300120023605000240024808200180027210000340029024501010032425000170042526401150044230000270055733600260058433700280061033800270063850400670066556300090073265000320074165000370077365000260081065000370083665000520087371001280092590600450105394200120109899900190111095201100112995201110123995201110135020697312NUST20220411133755.0181005s2018 pk b 001 0 eng  a 2018326004 a9789697576180 aP-E-2018326004; 17; 35 bLibrary of Congress -- Islamabad Overseas Office awaseem aDLCbengcDLCerda alcodeapcc aa-pk---00aBP161.3b.A542 2018 a297.1977bAMI1 aAmin, Husnul,eauthor.92803310aPost-Islamism :bIslamic social movements in the era of neoliberal globalization /cHusnul Amin. a2nd edition. 1aIslamabad :bIqbal International Institute for Research and Dialogue, International Islamic University,c2018. axi, 202 pages ;c22 cm atextbtxt2rdacontent aunmediatedbn2rdamedia avolumebnc2rdacarrier aIncludes bibliographical references (pages 176-188) and index. aPBK. 0aIslamy21st century.913163 0aIslam and world politics.928034 0aEast and West.910370 0aIslam and statezPakistan.97106 0aGlobalizationxReligious aspectsxIslam.9101412 aInternational Islamic University (Islāmābād, Pakistan).bIqbal International Institute for Research & Dialogue.97154 a7bcbccorigoded3encipf20gy-gencatlg 2ddccBK c533960d533960 00102ddc4070aCLbCLcISLd2020-01-26eDonationl0o297.1977 AMIpCL-D-863r2020-01-26w2020-01-26yBK 00102ddc4070aCLbCLcISLd2022-04-11eDonationl0o297.1977 AMIpCL-D-1613r2022-04-11w2022-04-11yBK 00102ddc4070aCLbCLcISLd2022-04-11eDonationl0o297.1977 AMIpCL-D-1614r2022-04-11w2022-04-11yBK